[Event "Moscow Tal Memorial 10th"]
[Site "Moscow"]
[Date "2016.10.06"]
[Round "9"]
[White "Li, Chao B"]
[Black "Giri, Anish"]
[Result "1/2-1/2"]
[WhiteElo "2746"]
[BlackElo "2755"]
[PlyCount "92"]
[EventDate "2016.09.26"]
[EventType "tourn"]
[EventRounds "9"]
[EventCountry "RUS"]
[EventCategory "21"]
[SourceTitle "CBM 175"]
[Source "ChessBase"]
[SourceDate "2016.11.10"]
[SourceVersion "1"]
[SourceVersionDate "2016.11.10"]
[SourceQuality "1"]

1. d4 {Edouard,Romain} Nf6 2. c4 e6 3. Nc3 Bb4 4. Nf3 O-O 5. Bg5 c5 6. Rc1 h6 7. Bh4 cxd4 8. Nxd4 d5 9. e3 ({RR} 9. cxd5 g5 10. Bg3 Qxd5 11. e3 Qxa2 12. Qc2 Bxc3+ ({RR} 12... Nd5 13. h4 Nxc3 14. bxc3 ({RR} 14. hxg5 Na4+ 15. Kd1 Qxb2 16. Qxb2 Nxb2+ 17. Kc2 hxg5 18. Kxb2 Be7 19. Be5 ({RR} 19. Bd3 Nd7 20. Rh6 Bf6 21. Rc7 Bd8 22. Rc1 Bf6 23. Rc7 Bd8 24. Rc1) 19... f6 20. Bg3 Nc6 21. Nxc6 bxc6 22. Rxc6 Rf7 23. Bc4 Bd7 24. Rxe6 Bxe6 25. Bxe6 Kg7 26. Bxf7 Kxf7) 14... Qxc2 15. Rxc2 Be7 16. hxg5 hxg5 17. f4 Nc6 18. fxg5 Bxg5 19. Rh5 f6 ({RR} 19... Bxe3 20. Nxc6 bxc6 21. Bd6) 20. Nf3 Bxe3 21. Re2 Bc1 22. Re4 e5 23. Bc4+ Kg7 24. Reh4 Kg6 25. Rh7 e4 ({RR} 25... Bg4 26. Bd3+ f5 27. Nxe5+ Nxe5 28. Bxe5 Kg5 29. g3 Rg8 30. Rxb7 Rae8 31. Rb5 Rg6 32. Kf2 Rb6) 26. Nd2 Ne5 27. R7h6+) 13. Qxc3 Ne4 14. Qc2 ({RR} 14. Qb4 Na6 ({RR} 14... a5 15. Qb5 Bd7 16. Qxb7 Nc6 17. Bd3 ({RR} 17. Qxd7 Qxb2) 17... Nxg3 18. hxg3 Rab8 19. Qxd7 Ne5 20. Bb1 Qxb2 21. Qc7 Rb7 22. Qc2 Nd3+ 23. Kd2 Nxc1 24. Rxc1 Rc8 25. Qxb2 Rxb2+ 26. Bc2 Ra2) 15. Bxa6 Qxa6 16. Nb5 ({RR} 16. Nf3 Nxg3 17. hxg3 e5 18. Qe4 Rd8 19. Nxe5 Qf6) ({RR} 16. f3 Nxg3 17. hxg3 e5 18. Ne2 Qe6) 16... b6 17. O-O ({RR} 17. Nc7 Qd3) 17... Nxg3 18. fxg3 Qa5 19. Qe4 Ba6 20. Rxf7 Rxf7 21. Qg6+ Kf8 22. Qxh6+ Kg8 23. Qg6+) 14... Qa5+ 15. Ke2 Nxg3+ ({RR} 15... Nf6 16. h4 g4 ({RR} 16... Nc6 17. hxg5 Nxd4+ 18. exd4 Qxg5 19. Bh4) 17. f3 Nc6 18. Nxc6 bxc6 19. Kf2 Rd8) ({RR} 15... e5 16. Qxe4 exd4 17. Qxd4 Nc6 18. Qc3) ({RR} 15... f5 16. f3 Nxg3+ 17. hxg3 Nc6 18. Nxc6 bxc6 19. Kf2) 16. hxg3 Kg7 17. f4 Bd7 ({RR} 17... Nc6 18. Nxc6 ({RR} 18. Nb3 Qf5 19. Qc3+ e5) 18... bxc6 19. Kf2 ({RR} 19. b4 Qxb4 20. fxg5 Qg4+ 21. Kf2 Qxg5) 19... Rd8 20. Rd1 Rxd1 21. Qxd1 Qf5) ({RR} 17... gxf4 18. gxf4) 18. b4 Qxb4 ({RR} 18... Qd8 19. Qb2 ({RR} 19. Nf3) ({RR} 19. b5) ({RR} 19. Qc3) 19... Qf6 ({RR} 19... e5) 20. fxg5 hxg5 21. Nf5+) 19. fxg5 Rc8 ({RR} 19... Nc6 20. Nf3 ({RR} 20. gxh6+ Kh8) 20... Rfc8 21. gxh6+ Kh8 22. Qd1 Ne5 23. Rxc8+ Rxc8 24. Nxe5 Qb2+ 25. Kf3 Qxe5 26. Qxd7 Qf6+ 27. Ke2 Qb2+) ({RR} 19... Rh8 20. Qe4) 20. gxh6+ Kh8 21. Qxc8+ Bxc8 22. Rxc8+ Kh7 23. Nf3 ({RR} 23. Kf2 Qd2+ 24. Be2 Nc6 25. Rxa8 Nxd4) 23... f6 {Carlsen,M (2863)-So,W (2770) chess24.com INT 2020 CBM 196 Extra [Edouard,Romain] 1-0 (33)} ({RR} 23... Qb2+ 24. Ke1 Qb1+ 25. Kf2 Qb2+ 26. Be2) {RR} 24. Rc7+ Kh8 25. Nh4 Nd7 26. Ng6+ Kg8 27. h7+ Kg7 28. h8=Q+ Rxh8 29. Rxd7+ Kxg6 30. Rxh8 Qb5+ 31. Rd3) ({RR} 9. cxd5 g5 10. Bg3 Qxd5 11. e3 Qxa2 12. Be2 Qxb2 13. O-O Bxc3 14. Rc2 Qb4 15. Nb5 Ne4 16. Nc7 Bd7 17. Ra2 Bg7 18. Nxa8 Nc3 19. Bd6 Qe4 20. Qd2 Nxa2 21. Bxf8 Bxf8 22. Qxa2 Bc6 23. Bf3 Qe5 {Citak,S (2357)-Bacak,M (2075) Cesme TUR 2025 ½-½ (54)}) 9... e5 10. Nb3 $146 ({RR} 10. Nc2 Bxc3+ 11. bxc3 dxc4 12. Qxd8 Rxd8 13. Na3 Nc6 14. Nxc4 Be6 15. f3 Rac8 16. a3 Bxc4 17. Bxc4 Na5 18. Be2 Rc5 19. Kf2 g5 20. Bg3 Nh5 21. Rhd1 Rxd1 22. Bxd1 Nxg3 23. hxg3 Nc4 24. a4 e4 {Ovsejevitsch,S (2602)-Schoppen,C (2479) Hamburg 2020 ½-½ (56)}) ({RR} 10. Nf3 g5 11. Bg3 d4 12. exd4 exd4 13. Nxd4 Qb6 14. Ndb5 Bg4 15. Be2 Bxe2 16. Kxe2 Qe6+ 17. Kf1 Qxc4+ 18. Qe2 Qxe2+ 19. Kxe2 Re8+ 20. Kd3 Nc6 21. Rhe1 Red8+ 22. Kc2 a6 23. Na3 b5 24. Kb1 Rac8 {Wojtaszek,R (2701)-Tkachiev,V (2632) Legnica 2013 ½-½ (56)}) 10... g5 11. Bg3 Nc6 12. a3 Bxc3+ 13. bxc3 dxc4 14. Qxd8 Rxd8 15. Bxc4 Ne4 16. f3 Nxg3 17. hxg3 Kg7 18. Ke2 b6 19. e4 Ne7 20. Rhd1 Bd7 21. Rd2 Ba4 22. Rxd8 Rxd8 23. Nd2 h5 24. Ke3 h4 25. gxh4 gxh4 26. Bf1 Ng6 27. c4 Rc8 28. Nb1 Bd7 29. Nc3 Be6 30. Nb5 a6 31. Nd6 Rc6 32. Rd1 Kf6 33. Ne8+ Ke7 34. Ng7 Bxc4 35. Nf5+ Kf6 36. Bxc4 Rxc4 37. Rd6+ Kg5 38. Rxb6 Nf4 39. Nh6 Nxg2+ 40. Kf2 Rc2+ 41. Kg1 Ne3 42. Nxf7+ Kf4 43. Rxa6 Nc4 44. a4 Ra2 45. a5 Kxf3 46. Rc6 Nxa5 1/2-1/2

[Event "45th Olympiad 2024"]
[Site "Budapest HUN"]
[Date "2024.09.13"]
[Round "3.6"]
[White "Lodici, Lorenzo"]
[Black "Giri, Anish"]
[Result "1-0"]
[WhiteElo "2556"]
[BlackElo "2724"]
[PlyCount "61"]
[EventDate "2024.09.11"]
[WhiteTeam "Italy"]
[BlackTeam "Netherlands"]
[WhiteTeamCountry "ITA"]
[BlackTeamCountry "NED"]

1. d4 Nf6 2. c4 e6 3. Nc3 Bb4 4. e3 b6 5. Bd3 Bb7 6. Nge2 Bxg2 7. Rg1 Bf3 8. Rg3 Bxc3+ 9. bxc3 Be4 10. Qc2 ({RR} 10. Nf4 g6 11. f3 Bxd3 12. Qxd3 d6 13. e4 Nbd7 14. a4 c5 15. Qe2 Rc8 16. d5 exd5 17. Nxd5 Nxd5 18. exd5+ Qe7 19. Be3 O-O 20. Kf2 Rfe8 21. Re1 Qf6 22. Qd2 Ne5 23. Bg5 Nxc4 24. Rxe8+ Rxe8 {Erfan,M (1758)-Arias,D (2213) Budapest HUN 2024 0-1 (36)}) 10... Bxd3 11. Qxd3 Nh5 $146 ({RR} 11... g6 12. e4 d6 13. Bg5 h6 14. Rh3 Rh7 15. Bxh6 Nh5 16. Bd2 Nc6 17. f4 Qd7 18. f5 O-O-O 19. fxg6 fxg6 20. Rb1 Rf8 21. Rf3 Rhf7 22. Rxf7 Qxf7 23. Kd1 Qf2 24. Qh3 Kb7 25. Be3 Rf3 26. Bxf2 {0-1 Mortazavi,A (2371)-Ward,C (2485) Gibraltar Masters 2005 (6)}) ({RR} 11... g6 12. e4 d6 13. Bg5 h6 14. Rh3 Rh7 15. Bxh6 Nh5 16. Bd2 Nc6 17. f4 Qd7 18. f5 O-O-O 19. fxg6 fxg6 20. Rb1 Rf8 21. Rf3 Rhf7 22. Rxf7 Qxf7 23. Kd1 Qf2 24. Qh3 Kb7 25. Be3 Rf3 26. Bxf2 {Mortazavi,A (2371)-Ward,C (2485) Caleta 2005 0-1}) 12. Rh3 g6 13. e4 d6 14. Ng3 Nxg3 15. Qxg3 f6 16. Bh6 Rg8 17. e5 Nd7 18. O-O-O Qe7 19. exf6 Nxf6 20. Bg5 Ne4 21. Bxe7 Nxg3 22. fxg3 Kxe7 23. Rxh7+ Kd8 24. Rf1 Kc8 25. Rff7 Kb7 26. Rxc7+ Ka6 27. Rhe7 Rgf8 28. Kb2 d5 29. Rxe6 dxc4 30. Rxc4 Rf2+ 31. Kb3 1-0

[Event "45th Olympiad 2024"]
[Site "Budapest HUN"]
[Date "2024.09.13"]
[Round "3.6"]
[White "Lodici, Lorenzo"]
[Black "Giri, A.."]
[Result "1-0"]
[WhiteElo "2556"]
[BlackElo "2724"]
[PlyCount "61"]
[EventDate "2024.09.11"]
[WhiteTeam "Italy"]
[BlackTeam "Netherlands"]
[WhiteTeamCountry "ITA"]
[BlackTeamCountry "NED"]

1. d4 Nf6 2. c4 e6 3. Nc3 Bb4 4. e3 b6 5. Bd3 Bb7 6. Nge2 Bxg2 7. Rg1 Bf3 8. Rg3 Bxc3+ 9. bxc3 Be4 10. Qc2 ({RR} 10. Nf4 g6 11. f3 Bxd3 12. Qxd3 d6 13. e4 Nbd7 14. a4 c5 15. Qe2 Rc8 16. d5 exd5 17. Nxd5 Nxd5 18. exd5+ Qe7 19. Be3 O-O 20. Kf2 Rfe8 21. Re1 Qf6 22. Qd2 Ne5 23. Bg5 Nxc4 24. Rxe8+ Rxe8 {Erfan,M (1758)-Arias,D (2213) Budapest HUN 2024 0-1 (36)}) 10... Bxd3 11. Qxd3 Nh5 $146 ({RR} 11... g6 12. e4 d6 13. Bg5 h6 14. Rh3 Rh7 15. Bxh6 Nh5 16. Bd2 Nc6 17. f4 Qd7 18. f5 O-O-O 19. fxg6 fxg6 20. Rb1 Rf8 21. Rf3 Rhf7 22. Rxf7 Qxf7 23. Kd1 Qf2 24. Qh3 Kb7 25. Be3 Rf3 26. Bxf2 {Mortazavi,A (2371)-Ward,C (2485) Caleta 2005 0-1}) 12. Rh3 g6 13. e4 d6 14. Ng3 Nxg3 15. Qxg3 f6 16. Bh6 Rg8 17. e5 Nd7 18. O-O-O Qe7 19. exf6 Nxf6 20. Bg5 Ne4 21. Bxe7 Nxg3 22. fxg3 Kxe7 23. Rxh7+ Kd8 24. Rf1 Kc8 25. Rff7 Kb7 26. Rxc7+ Ka6 27. Rhe7 Rgf8 28. Kb2 d5 29. Rxe6 dxc4 30. Rxc4 Rf2+ 31. Kb3 1-0

[Event "RUS-chT 18th"]
[Site "Olginka"]
[Date "2011.04.12"]
[Round "1"]
[White "Maletin, Pavel"]
[Black "Giri, Anish"]
[Result "1/2-1/2"]
[WhiteElo "2584"]
[BlackElo "2690"]
[PlyCount "137"]
[EventDate "2011.04.12"]
[EventType "team-tourn"]
[EventRounds "11"]
[EventCountry "RUS"]
[SourceTitle "EXT 2020"]
[Source "ChessBase"]
[SourceDate "2019.10.17"]
[SourceVersion "1"]
[SourceVersionDate "2019.10.17"]
[SourceQuality "1"]
[WhiteTeam "Nizhny Tagil Politekhnik"]
[BlackTeam "Moscow ShSM-64"]
[WhiteTeamCountry "RUS"]
[BlackTeamCountry "RUS"]

1. d4 Nf6 2. c4 e6 3. Nc3 Bb4 4. Qc2 O-O 5. a3 Bxc3+ 6. Qxc3 d5 7. Bg5 c5 8. e3 cxd4 9. Qxd4 Nc6 10. Qc3 dxc4 ({RR} 10... Ne4 11. Bxd8 Nxc3 12. Bh4 Na4 13. b3 Nc5 14. b4 Ne4 15. Nf3 f6 16. Bd3 Nd6 17. c5 Ne4 18. Bxe4 dxe4 19. Nd2 f5 20. Bg3 b6 21. Nb3 bxc5 22. Nxc5 Ne7 23. Bd6 Re8 24. Bxe7 Rxe7 25. Rd1 {Duarte Cramer,L (1836)-De Boer,E (2412) chess.com INT 2025 0-1 (82)}) 11. Bxc4 e5 $146 ({RR} 11... Ne4 12. Bxd8 Nxc3 13. Bh4 Ne5 14. Bb3 Ne4 15. Bc2 Ng6 16. Bxe4 Nxh4 17. g3 f5 18. Bc2 Ng6 19. f4 Bd7 20. Nf3 Bc6 21. Ke2 Bd5 22. Rhc1 Rac8 23. Bd3 Ne7 24. Nd2 Nc6 25. Rc5 Rcd8 26. Rac1 {Howell,D (2646)-Grandelius,N (2672) London 2022 ½-½ (60)}) ({RR} 11... Ne4 12. Bxd8 Nxc3 13. Bh4 Ne5 14. Bb3 Ne4 15. Bc2 Ng6 16. Bxe4 Nxh4 17. g3 f5 18. Bc2 Ng6 19. f4 Bd7 20. Nf3 Bc6 21. Ke2 Bd5 22. Rhc1 Rac8 23. Bd3 Ne7 24. Nd2 Nc6 25. Rc5 Rcd8 26. Rac1 {Howell,D (2646)-Grandelius,N (2672) London 2022 ½-½ (60)}) 12. Nf3 h6 13. Rd1 Qe7 14. Bxf6 Qxf6 15. Bd5 Re8 16. O-O Bg4 17. h3 Bh5 18. Rc1 Rac8 19. Qb3 Re7 20. Rc5 Bxf3 21. Bxf3 Rd8 22. Bxc6 bxc6 23. Qa4 Rd6 24. Qe4 Ree6 25. b4 Rd2 26. Ra5 Rd7 27. g3 g6 28. Kg2 Kg7 29. h4 h5 30. Qf3 Qxf3+ 31. Kxf3 e4+ 32. Kg2 Rf6 33. Re5 Rd3 34. Ra5 c5 35. bxc5 Rf5 36. Rxa7 Rxc5 37. Re7 Rxa3 38. Rxe4 Rc2 39. Rb1 Raa2 40. Rf4 Rcb2 41. Rxb2 Rxb2 42. Ra4 f5 43. Kf3 Kh6 44. Ra7 Rc2 45. Rf7 Ra2 46. Rd7 Rb2 47. Rd1 Ra2 48. Re1 Ra4 49. Re2 Kg7 50. Rd2 Kh6 51. Ke2 Ra3 52. f3 Kg7 53. Kf2 Kf6 54. Rd6+ Kf7 55. g4 hxg4 56. fxg4 fxg4 57. Rd4 g3+ 58. Kf3 g2 59. Rf4+ Kg7 60. Rg4 Ra4 61. e4 Ra3+ 62. Kxg2 Kf6 63. Rg3 Ra5 64. Kf3 Rh5 65. Kg4 Re5 66. Re3 Ke6 67. Re1 Kf6 68. Kf4 Rh5 69. Kg4 1/2-1/2

[Event "11th Sinquefield Cup"]
[Site "Saint Louis USA"]
[Date "2024.08.21"]
[Round "3.4"]
[White "Nepomniachtchi, I.."]
[Black "Giri, A.."]
[Result "1-0"]
[WhiteElo "2767"]
[BlackElo "2746"]
[PlyCount "73"]
[EventDate "2024.08.19"]

1. d4 Nf6 2. c4 e6 3. Nc3 Bb4 4. e3 O-O 5. a3 Bxc3+ 6. bxc3 d6 7. f3 Nc6 ({RR} 7... Nh5 8. Nh3 f5 9. Bd3 c5 10. O-O Nc6 11. e4 f4 12. e5 dxe5 13. dxc5 Qe7 14. Kh1 Bd7 15. a4 Rad8 16. Qc2 Nf6 17. Ng5 h6 18. Ne4 Be8 19. Nd6 b6 20. Nxe8 Qxe8 21. cxb6 axb6 22. Ba3 {Caruana,F (2766)-Carlsen,M (2859) chess.com INT 2022 ½-½ (58)}) 8. e4 ({RR} 8. Bd3 b6 9. e4 Qe8 10. f4 e5 11. fxe5 dxe5 12. Nf3 exd4 13. cxd4 Bg4 14. Bb2 Nxe4 15. O-O Ng5 16. Qd2 Nxf3+ 17. gxf3 Bh5 18. Rae1 Qd7 19. d5 Na5 20. Qg5 Bg6 21. Re7 Qd6 22. Rfe1 Nxc4 {Dambacher,M (2474)-Bok,B (2593) Venlo NED 2025 ½-½ (37)}) 8... Qe8 $146 ({RR} 8... e5 9. Be3 a5 10. Bd3 b6 11. Ne2 Ba6 12. Ng3 Re8 13. O-O Ne7 14. Bg5 Ng6 15. Nh5 Kh8 16. f4 exf4 17. g3 h6 18. Bxf6 gxf6 19. Qd2 Rg8 20. Kh1 Bb7 21. d5 Bc8 22. Rxf4 Nxf4 23. Qxf4 {Gonzalez,F (2021)-Szmyd,A (2059) chess.com INT 2023 1-0 (41)}) 9. h4 b6 10. h5 Ba6 11. Ra2 Na5 12. g4 Qc6 13. Rg2 Bxc4 14. Bxc4 Qxc4 15. Ne2 Nd7 16. g5 e5 17. g6 fxg6 18. hxg6 Rxf3 19. gxh7+ Kh8 20. Rhg1 Rf7 21. Bh6 gxh6 22. Rg8+ Kxh7 23. Rxa8 Nf6 24. dxe5 Nxe4 25. Qc1 Ng5 26. Rxg5 Qh4+ 27. Rg3 Qh1+ 28. Rg1 Qxa8 29. Qc2+ Kh8 30. Qg6 Qf8 31. e6 Re7 32. Rh1 Rh7 33. Rf1 Qd8 34. Rf7 Rxf7 35. exf7 Qf8 36. Qf6+ Kh7 37. Nf4 1-0

[Event "Chessable Masters Div 2 L"]
[Site "chess.com INT"]
[Date "2023.04.03"]
[Round "2.1"]
[White "Oparin, G.."]
[Black "Giri, A.."]
[Result "1/2-1/2"]
[WhiteElo "2667"]
[BlackElo "2768"]
[PlyCount "68"]
[EventDate "2023.04.04"]
[EventType "k.o."]

1. Nf3 d5 2. d4 Nf6 3. c4 e6 4. Nc3 Bb4 5. e3 O-O 6. Bd2 b6 7. cxd5 exd5 8. Rc1 Bb7 9. Bd3 Re8 10. O-O Bf8 11. Ne5 c5 12. f4 Nc6 13. Ne2 Rc8 14. Be1 Ne4 15. Bc3 ({RR} 15. Bxe4 dxe4 16. Nxf7 Qd5 17. Ne5 Nxe5 18. dxe5 Qxa2 19. Bc3 Qd5 20. Qe1 b5 21. Rd1 Qc4 22. b4 cxb4 23. Bd4 Rc7 24. f5 Bc8 25. e6 Qa2 26. Qg3 Rb7 27. Nf4 Bd6 28. Qg4 Bxf4 29. Qxf4 Rf8 {Maghsoodloo,P (2701)-Firouzja,A (2804) Warsaw 2021 1-0 (45)}) ({RR} 15. Bxe4 dxe4 16. Nxf7 Kxf7 17. Qb3+ c4 18. Qxc4+ Kg6 19. f5+ Kh6 20. Bg3 Ne5 21. Qg8 Be7 22. Rxc8 Bxc8 23. Bf4+ Bg5 24. Bxg5+ Qxg5 25. Qxe8 Qxe3+ 26. Kh1 Qxe2 27. Rc1 Nd3 28. Rc6+ Kg5 29. Qe7+ Kf4 {Turcan,R (2348)-Stalmach,R (2444) Slovakia SVK 2025 0-1 (33)}) 15... Rc7 $146 ({RR} 15... Ne7 16. Ng3 f6 17. Nf3 Qd7 18. dxc5 Nxc5 19. Nd4 Nxd3 20. Qxd3 Nc6 21. Nxc6 Bxc6 22. Qd2 Bb7 23. Bd4 Qg4 24. Qd1 Qxd1 25. Rfxd1 Ba6 26. Kf2 Kf7 27. Ne2 Bxe2 28. Kxe2 Ke6 29. g4 Bc5 30. Rc3 {Parligras,M (2575)-Haria,R (2490) England 2022 ½-½}) 16. Ng3 cxd4 17. Nxc6 Rxc6 18. Bxd4 Rxc1 19. Qxc1 Nxg3 20. hxg3 Qd7 21. Qc2 g6 22. Kf2 Rc8 23. Qd2 Qa4 24. b3 Qb4 25. Qxb4 Bxb4 26. g4 Bc3 27. g5 Bxd4 28. exd4 Rc3 29. Rd1 Bc8 30. Rd2 Bg4 31. Bb1 Rc1 32. Bd3 Rc3 33. Bb1 Rc1 34. Bd3 Rc3 1/2-1/2

[Event "Reykjavik op"]
[Site "Reykjavik"]
[Date "2017.04.20"]
[Round "3"]
[White "Perelshteyn, Eugene"]
[Black "Giri, Anish"]
[Result "0-1"]
[WhiteElo "2509"]
[BlackElo "2771"]
[PlyCount "90"]
[EventDate "2017.04.19"]
[EventType "swiss"]
[EventRounds "10"]
[EventCountry "ISL"]
[SourceTitle "CBM 178 Extra"]
[Source "ChessBase"]
[SourceDate "2017.06.22"]
[SourceVersion "1"]
[SourceVersionDate "2017.06.22"]
[SourceQuality "1"]

1. d4 Nf6 2. c4 e6 3. Nf3 d5 4. g3 Bb4+ 5. Nc3 O-O 6. Bg2 dxc4 7. O-O Nc6 8. Bg5 h6 9. Bxf6 Qxf6 10. e3 Bxc3 11. bxc3 Rb8 ({RR} 11... e5 12. Qa4 Be6 13. Rab1 Bd5 14. Nxe5 Bxg2 15. Kxg2 Nxe5 16. dxe5 Qxe5 17. Qxc4 b6 18. Rbd1 Rad8 19. a4 a5 20. Rd4 c5 21. Rd3 Rxd3 22. Qxd3 Qe8 23. Rb1 Qc6+ 24. Kg1 Re8 25. Qb5 Qxb5 26. Rxb5 {Postny,E (2577)-Klimkowski,J (2508) chess.com INT 2024 0-1 (57)}) 12. Nd2 Na5 13. Qa4 b6 14. Qb5 $146 ({RR} 14. Rfd1 Ba6 15. Bf1 Rfc8 16. Rac1 e5 17. Nxc4 Bxc4 18. Bxc4 Nxc4 19. Qxc4 c5 20. d5 b5 21. Qb3 Qd6 22. c4 b4 23. e4 Rb6 24. Qb2 a5 25. Rf1 a4 26. f4 f6 27. f5 b3 28. a3 Rc7 {Karnaukhova,E (2239)-Melikhov,E (2296) Zeleny Shum 2000 ½-½}) ({RR} 14. Nxc4 Nxc4 15. Qxc4 Qe7 16. Rfc1 Bb7 17. Bxb7 Rxb7 18. Qc6 Rfb8 19. c4 Qd6 20. d5 a6 21. a4 Ra7 22. Rab1 Qxc6 23. dxc6 Raa8 24. Rc2 Rd8 25. c5 b5 26. Ra2 bxa4 27. Rb7 Rdc8 28. Rxa4 a5 {Arkhipov,S (2550)-Horvath,C Kecskemet 1985 ½-½ (45)}) 14... Qf5 15. a4 c6 16. Qb4 Ba6 17. e4 Qg5 18. f4 Qd8 19. Rad1 Qc7 20. Qa3 c5 21. d5 exd5 22. exd5 Nb7 23. Nf3 Nd6 24. Ne5 Rbe8 25. Rfe1 Re7 26. Nc6 Rxe1+ 27. Rxe1 Re8 28. Re5 Bc8 29. Qc1 Bd7 30. Qe3 Kf8 31. h3 f6 32. Rxe8+ Bxe8 33. g4 Bf7 34. h4 Qd7 35. h5 Qe8 36. Qg3 Ne4 37. Bxe4 Qxe4 38. f5 Kg8 39. Qc7 Qxg4+ 40. Kh2 Qh4+ 41. Kg1 Qe1+ 42. Kh2 Qf2+ 43. Kh3 Qf3+ 44. Kh4 Qxh5+ 45. Kg3 Qg5+ 0-1

[Event "CGC KO 2022"]
[Site "chess.com INT"]
[Date "2022.11.02"]
[Round "4.4"]
[White "Radjabov, T.."]
[Black "Giri, A.."]
[Result "1/2-1/2"]
[WhiteElo "2747"]
[BlackElo "2764"]
[PlyCount "108"]
[EventDate "2022.09.14"]
[EventType "k.o."]

1. d4 Nf6 2. c4 e6 3. Nc3 Bb4 4. a3 Bxc3+ 5. bxc3 c5 6. Nf3 O-O 7. Qc2 d5 ({RR} 7... Nc6 8. e4 d5 9. e5 Ne4 10. Bd3 cxd4 11. cxd5 exd5 12. cxd4 Bg4 13. Bb2 Qa5+ 14. Kf1 Rac8 15. Qe2 f6 16. h3 Bh5 17. g4 Bg6 18. Kg1 fxe5 19. dxe5 Qb6 {0-1 (19) Ramirez Alvarez,A (2542)-Delgado Ramirez,N (2557) Havana 2004}) 8. cxd5 exd5 9. Bg5 h6 10. Bxf6 $146 ({RR} 10. Bh4 c4 11. e3 Bg4 12. Be2 Nbd7 13. Ne5 Bxe2 14. Qxe2 Qa5 15. Qc2 Nxe5 16. dxe5 Ne4 17. Rc1 Qxa3 18. O-O Qc5 19. Rfd1 a5 20. Rd4 a4 21. f3 Ng5 22. Bxg5 hxg5 23. Rcd1 Rfd8 24. Qd2 a3 {Jaskolka,T (2177)-Tomczak,M (2433) Chess.com INT 2020 ½-½ (63)}) 10... Qxf6 11. e3 Nc6 12. Be2 Bf5 13. Qb2 c4 14. O-O Rab8 15. a4 a6 16. a5 Qd8 17. Qa3 b5 18. axb6 Rxb6 19. Nd2 Qe7 20. Qxe7 Nxe7 21. Ra2 Rfb8 22. f3 Rb2 23. Rfa1 Bb1 24. Rxb1 Rxb1+ 25. Nxb1 Rxb1+ 26. Kf2 Rb3 27. Rxa6 Rxc3 28. e4 f5 29. exd5 Nxd5 30. Rc6 Rc2 31. Rxc4 Nc3 32. Ke3 Rxe2+ 33. Kd3 Rxg2 34. Rxc3 Rxh2 35. d5 Rh4 36. Rc7 Kf8 37. d6 Ke8 38. Rxg7 Ra4 39. Rh7 Ra3+ 40. Ke2 f4 41. Rxh6 Kd7 42. Rf6 Rb3 43. Rxf4 Kxd6 44. Re4 Rb5 45. f4 Rb7 46. Kf3 Re7 47. Ra4 Ke6 48. Kg4 Rg7+ 49. Kf3 Rg1 50. Ra6+ Kf5 51. Ra5+ Kf6 52. Ra6+ Kf5 53. Ra5+ Kf6 54. Ra6+ Kf5 1/2-1/2

[Event "CGC KO 2022"]
[Site "chess.com INT"]
[Date "2022.11.03"]
[Round "4.6"]
[White "Radjabov, T.."]
[Black "Giri, A.."]
[Result "1-0"]
[WhiteElo "2747"]
[BlackElo "2764"]
[PlyCount "113"]
[EventDate "2022.09.14"]
[EventType "k.o."]

1. Nf3 d5 2. d4 Nf6 3. c4 e6 4. Nc3 Bb4 5. g3 O-O 6. Bg2 dxc4 7. O-O Nc6 8. Re1 Rb8 9. e4 b5 10. Bf4 Be7 11. a3 a6 12. Qd2 ({RR} 12. d5 Na5 13. Qc2 exd5 14. Rad1 Be6 15. Nd4 Bg4 16. e5 Bxd1 17. Rxd1 c5 18. exf6 Bxf6 19. Nxd5 Bxd4 20. Bc7 Qg5 21. Bxa5 Rfe8 22. Nf4 Re7 23. Be4 g6 24. Kg2 Rf8 25. Nd5 Re6 26. Bc3 Qe5 {Badelka,O (2426)-Dzagnidze,N (2509) Grosslobming AUT 2025 1-0 (98)}) 12... e5 $146 ({RR} 12... Na5 13. Rad1 Bb7 14. h4 Nb3 15. Qc2 h6 16. Bh3 Bd6 17. Be3 Qe8 18. Nd2 Nxd2 19. Rxd2 e5 20. dxe5 Bxe5 21. Bc5 Bd6 22. Bxd6 cxd6 23. Rxd6 Qe5 24. Qd2 Rfe8 25. Bg2 a5 26. f4 Qc5+ 27. Qd4 {Sethuraman,S (2626)-Mastrovasilis,D (2603) Sharjah UAE 2023 ½-½ (37)}) 13. Nxe5 Nxd4 14. Rad1 c5 15. Nxf7 Rxf7 16. Bxb8 Bg4 17. Bf4 Bxd1 18. Rxd1 Nh5 19. Be3 Nf3+ 20. Bxf3 Qxd2 21. Rxd2 Rxf3 22. Rd7 Kf8 23. e5 Ke8 24. Ra7 g5 25. Nd5 Bd8 26. Bxc5 Rd3 27. Nc3 Rd7 28. Rxa6 Rd2 29. Ra7 Rxb2 30. Rxh7 Ba5 31. Nd5 Re2 32. Nf6+ Kd8 33. Bd6 Nxf6 34. exf6 Bb6 35. Rb7 c3 36. Rxb6 c2 37. Rc6 Kd7 38. Rc3 Kxd6 39. Kg2 g4 40. h3 gxh3+ 41. Kxh3 Rxf2 42. Kg4 Rxf6 43. Rxc2 Kd5 44. Rb2 Kc4 45. Rb4+ Kc5 46. Rf4 Rg6+ 47. Kh4 Ra6 48. Rf3 Rh6+ 49. Kg5 Rh8 50. g4 Rg8+ 51. Kh4 Rh8+ 52. Kg3 Rg8 53. Rf5+ Kb6 54. g5 Ka5 55. Kg4 Ka4 56. Rf3 Rc8 57. g6 1-0

[Event "Hoogeveen Unive Crown 14th"]
[Site "Hoogeveen"]
[Date "2010.10.29"]
[Round "5"]
[White "Shirov, Alexei"]
[Black "Giri, Anish"]
[Result "1-0"]
[WhiteElo "2749"]
[BlackElo "2677"]
[PlyCount "49"]
[EventDate "2010.10.25"]
[EventType "tourn"]
[EventRounds "6"]
[EventCountry "NED"]
[EventCategory "18"]
[SourceTitle "CBM 139"]
[Source "ChessBase"]
[SourceDate "2010.11.18"]
[SourceVersion "1"]
[SourceVersionDate "2010.11.18"]
[SourceQuality "1"]

1. d4 Nf6 2. c4 e6 3. Nf3 d5 4. Nc3 Bb4 5. e3 O-O 6. Bd3 b6 7. cxd5 exd5 8. O-O Bb7 9. Ne5 Bd6 10. f4 c5 11. Bd2 Nc6 12. Ne2 Rc8 13. Bc3 Ne7 14. Ng3 Ne4 15. Bxe4 $146 ({RR} 15. Qe2 c4 16. Bxe4 dxe4 17. Nxc4 Ba6 18. b3 f5 19. Rfc1 Nd5 20. Be1 g5 21. fxg5 Qxg5 22. Bf2 Bxg3 23. Bxg3 Bxc4 24. bxc4 Nxe3 25. Rc3 Ng4 26. h3 Nf6 27. Rf1 Nh5 28. Be5 Rce8 29. Kh2 h6 {Batsiashvili,N (2485)-L'Ami,E (2627) Wijk aan Zee 2016 ½-½ (47)}) 15... dxe4 16. Qg4 f5 17. Qh3 c4 18. d5 Bc5 19. Rad1 Bxe3+ 20. Kh1 Nxd5 21. Nxf5 Bxf4 22. Nh6+ gxh6 23. Qe6+ Kg7 24. Nc6+ Nxc3 25. Rxd8 1-0

[Event "Bucharest Superbet Classic"]
[Site "Bucharest"]
[Date "2021.06.11"]
[Round "6"]
[White "So, Wesley"]
[Black "Giri, Anish"]
[Result "1/2-1/2"]
[WhiteElo "2770"]
[BlackElo "2780"]
[PlyCount "168"]
[EventDate "2021.06.05"]
[EventType "tourn"]
[EventRounds "9"]
[EventCountry "ROU"]
[EventCategory "20"]
[SourceTitle "CBM 203"]
[Source "ChessBase"]
[SourceDate "2021.08.31"]
[SourceVersion "1"]
[SourceVersionDate "2021.08.31"]
[SourceQuality "1"]

1. d4 Nf6 2. c4 e6 3. Nc3 Bb4 4. e3 O-O 5. Bd3 d5 6. a3 Bxc3+ 7. bxc3 dxc4 8. Bxc4 c5 9. Nf3 Qc7 10. Be2 b6 11. Bb2 cxd4 12. cxd4 Ba6 13. O-O Bxe2 14. Qxe2 Nbd7 15. e4 Rac8 16. Rfc1 Qb7 17. Re1 h6 18. Rab1 Rc7 19. Nd2 Rfc8 20. Nf1 Qc6 21. f3 $146 ({RR} 21. Ng3 Qc4 22. Qf3 Qa2 23. h3 Rc2 24. Ba1 Re8 25. Rf1 Qc4 26. Rbe1 Qc7 27. Qd1 Ra2 28. Qb3 Qc2 29. Qf3 Qa4 30. Re3 b5 31. d5 b4 32. dxe6 Rxe6 33. Nf5 Rxa3 34. Qg3 Ne8 35. Bd4 Qa6 {Erigaisi,A (2675)-Aryan,C (2609) Sharjah 2022 1-0 (67)}) 21... Qc2 22. Qb5 Qc6 23. Qe2 Qc2 24. Ne3 Qxe2 25. Rxe2 Ne8 26. d5 Nc5 27. dxe6 Nxe6 28. Rd2 b5 29. Kf2 Rb7 30. h4 h5 31. Nd5 f6 32. Rbd1 a5 33. Bc3 Ra8 34. Rb2 Kf7 35. Be1 Ra6 36. Ne3 Nd6 37. Bxa5 Rxa5 38. Rxd6 Rxa3 39. Rd5 Nf4 40. Rdxb5 Rxb5 41. Rxb5 g6 42. Rb7+ Ke6 43. Rb6+ Kf7 44. Rb7+ Ke8 45. Rb8+ Kf7 46. Rc8 Ra2+ 47. Rc2 Rxc2+ 48. Nxc2 g5 49. hxg5 fxg5 50. Nd4 h4 51. g3 hxg3+ 52. Kxg3 Nd3 53. Nc6 Kg6 54. Ne7+ Kf6 55. Nd5+ Kg6 56. Ne3 Kf6 57. Ng4+ Ke6 58. Kg2 Nf4+ 59. Kf2 Nd3+ 60. Ke3 Nf4 61. Nh2 Ng2+ 62. Kf2 Nf4 63. Nf1 Nd3+ 64. Ke3 Nf4 65. Nd2 Ng2+ 66. Kd4 Nh4 67. Ke3 Ng2+ 68. Kf2 Nf4 69. Nc4 Nd3+ 70. Ke3 Nf4 71. Nb2 Ng2+ 72. Ke2 g4 73. fxg4 Ke5 74. Kf3 Nh4+ 75. Kg3 Ng6 76. Kf3 Nh4+ 77. Kg3 Ng6 78. g5 Kxe4 79. Kg4 Ne5+ 80. Kh5 Kf5 81. Kh6 Nf7+ 82. Kh5 Nxg5 83. Nc4 Ke4 84. Ne3 Kxe3 1/2-1/2